Kvalita pracovného života vo vybranom odvetví Slovenskej republiky
Pojem kvalita pracovného života. Pracovná spokojnosť a pracovné podmienky. Kvalita pracovného života administratívnych pracovníkov Ministerstva vnútra Slovenskej republiky.
Salvato in:
| Autore principale: | |
|---|---|
| Natura: | Capitolo di libro |
| Lingua: | slovacco |
| Soggetti: | |
| Tags: |
Nessun Tag, puoi essere il primo ad aggiungerne!!
|
MARC
| LEADER | 00000naa a2200000 4500 | ||
|---|---|---|---|
| 001 | 0250676 | ||
| 005 | 20220725101108.5 | ||
| 041 | 0 | |a slo | |
| 044 | |a SK | ||
| 245 | 1 | 0 | |a Kvalita pracovného života vo vybranom odvetví Slovenskej republiky |c Monika Némethová |
| 520 | |a Pojem kvalita pracovného života. Pracovná spokojnosť a pracovné podmienky. Kvalita pracovného života administratívnych pracovníkov Ministerstva vnútra Slovenskej republiky. | ||
| 610 | 2 | 0 | |a kvalita života |
| 610 | 2 | 0 | |a pojmy |
| 610 | 2 | 0 | |a zamestnanci |
| 610 | 2 | 0 | |a spokojnosť v práci |
| 100 | 1 | |a Némethová, Monika | |